LEADER 01144nam a2200265 i 4500 001 991002947799707536 005 20020503175232.0 008 940413s1989 it ||| | ita 035 $ab10436716-39ule_inst 035 $aEXGIL112409$9ExL 040 $aDip.to Filol. Ling. e Lett.$bita 082 0 $a407 100 1 $aPellandra, Carla$0164387 245 10$aGrammatiche, grammatici, grammatisti :$bper una storia dell'insegnamento delle lingue in Italia dal Cinquecento al settecento /$csaggi coordinati da Carla Pellandra , presentazione di Edoardo Vineis 260 $aPisa :$bGoliardica,$c1989 300 $a273 p. ;$c21 cm. 490 0 $aStoria e critica delle idee / a cura di Corrado Rosso ;$v15 650 4$aLingue straniere - Insegnamento$zItalia$ySec. 16.-18. 700 1 $aVineis, Edoardo 907 $a.b10436716$b21-02-17$c27-06-02 912 $a991002947799707536 945 $aLE008 FL.M. (f.r.) XXIII 255$g1$i2008000523824$lle008$o-$pE0.00$q-$rl$s- $t0$u1$v2$w1$x0$y.i10506615$z27-06-02 996 $aGrammatiche, grammatici, grammatisti$9223273 997 $aUNISALENTO 998 $ale008$b01-01-94$cm$da $e-$fita$git $h0$i1 LEADER 01429nam0 22003371i 450 001 UON00422037 005 20231205104829.289 010 $a88-343-0878-6 100 $a20130409d2002 |0itac50 ba 101 $aita 102 $aIT 105 $a|||| ||||| 200 1 $a"Philosophi" e "Logici"$eun ventennio di incontri e scontri: Soissons, Sens, Cluny, (1121-1141)$fPietro Zerbi 210 $aRoma$cIstituto storico italiano per il Medio Evo ; Milano$cVita e pensiero$d2002 - XI$d196 p. ; 22 cm 215 $aFrontespizi contrapposti Coedito. 410 1$1001UON00001426$12001 $aNuovi Studi Storici$v59 410 1$1001UON00170778$12001 $aRicerche. Storia 606 $aABELARDO PIETRO$3UONC046048$2FI 606 $aBERNARDO DI CHIARAVALLE $3UONC049802$2FI 620 $aIT$dRoma$3UONL000004 620 $aIT$dMilano$3UONL000005 676 $a189$cFILOSOFIA MEDIEVALE$v21 700 1$aZERBI$bPietro$3UONV184828$0198237 712 $aIstituto Storico Italiano per il Medio Evo$3UONV250370$4650 712 $aVita e Pensiero$3UONV247269$4650 801 $aIT$bSOL$c20250509$gRICA 899 $aSIBA - SISTEMA BIBLIOTECARIO DI ATENEO$2UONSI 912 $aUON00422037 950 $aSIBA - SISTEMA BIBLIOTECARIO DI ATENEO$dSI FS 2.0 0254 $eSI 4927 5 0254 $sBuono 996 $aPhilosophi e logici$9907725 997 $aUNIOR